000 00681nam a2200265Ia 4500
005 20260121172942.0
008 008 260114s9999 xx 000 0 eng d
020 _a9783030890865
037 _aEBOOK
040 _aCRL
040 _beng
040 _cCRL
041 _2eng
041 _aeng
084 _qCRL
100 _aJoyce Liddle, Gareth David Addidle
_91094782
245 4 _aThe Role of Universities and HEIs in the Vulnerability Agenda
260 _bSpringer
260 _bSpringer
260 _c2022
856 _uhttps://link.springer.com/openurl?genre=book&isbn=978-3-030-89086-5
942 _cEBOOK
999 _c1660524
_d1660524